Explotación de facilidades del equipo PD-1 en tres sistemas recolectores de datos.

שמור ב:
מידע ביבליוגרפי
מחבר ראשי: Marín Artavia, Mario Alberto
פורמט: ספר
יצא לאור: San José, Costa Rica 1994
נושאים:
תגים: הוספת תג
אין תגיות, היה/י הראשונ/ה לתייג את הרשומה!

MARC

LEADER 00000nam a2200000Ia 4500
003 007560
005 20221231144301.0
008 140114s1994 cr a m 000 ||s d
040 |c cru CEDI 
090 |a TFG 3210 
100 |a Marín Artavia, Mario Alberto  |9 6546 
245 |a Explotación de facilidades del equipo PD-1 en tres sistemas recolectores de datos. 
260 |c 1994  |a San José, Costa Rica 
300 |a xi, 56 h : ilustraciones.  
500 |a  Proyecto de graduación (bachillerato en ingeniería eléctrica)--Universidad de Costa Rica. Facultad de Ingeniería. Escuela de Ingeniería Eléctrica 
650 |x DISEÑO DE SISTEMAS   |x SISTEMAS DE ALMACENAMIENTO Y RECUPERACION DE INFORMACION   |x EEQUIPO   |x C (LENGUAJE DE PROGRAMACION PARA COMPUTADORA)   |x LENGUAJES DE PROGRAMACION (COMPUTADORAS ELECTRONICAS)  |9 11143 
942 |c TFG 
999 |c 19561  |d 19561